Statystyki dla Rozpoznaj polskie miasta po zdjęciach #11

Kliknij tutaj aby rozwiązać quiz!

Ogólne statystyki

  • Ten quiz został rozwiązany 31 razy
  • Średni wynik to 2 z 8

Statystyki odpowiedzi

Odpowiedź% Poprawnych
Karpacz
96%
Będzin
36%
Kamień Pomorski
12%
Leżajsk
12%
Kętrzyn
8%
Kluczbork
8%
Wejherowo
8%
Dębica
0%

Rozkład punktacji

Percentyl według liczby udzielonych odpowiedzi

Procent ludzi z każdym wynikiem

Twoja historia wyników

Nie rozwiązałeś tego quizu